=LDR 00000nam 2200000 4500 =001 INLIS000000000026843 =005 20200429073716 =035 ##$$a 0010-061300000026843 =008 200429################g##########0#ind## =041 ##$$a ind =082 ##$$a 2x3.1 =090 ##$$a 2x3.1, ALA s =100 1#$$a Alabbaad, Syaikh Abdur Razzaq =245 1#$$a Sebab-sebab naik turunnya iman, /$c Syaikh Abdurr Razzak al-Abbaad; penerjemah, Indra Kusuma; penyunting, Al-Muhajir =260 ##$$a Jakarta :$b Cakrawala,$c 2005 =300 ##$$a viii, 170 hlm., ; $c 14 x 21 cm =700 #$$a Kusuma, Indra =850 ##$$a NBPNMAT =020 ##$$a 979-98839-8-9 =084 ##$$a 2x3.1 ALA s =250 ##$$a cet.1 =650 #4$$a Iman kepada Allah =990 ##$$a 20704831